000 00719nas a2200229 4500
001 BR7500498
003 BR-BrBNA
005 20231205082804.0
007 ta
008 230509b bl.|||p| |||| 00| 00por d
040 _aBR-BrBNA
_bpor
_cBiblioteca Nacional de Agricultura
041 _a(Pt)
072 _aF00
100 1 _aRigitano, O.
245 1 _aConsideracoes sobre o melhoramento de uvas para mesa e para suco no estado de Sao Paulo [Vitis vinifera, Brasil]
650 _aUVA
650 _aMELHORAMENTO VEGETAL
650 _aSAO PAULO
773 0 _tAgronomico (Brazil)
_xISSN 0365-2726
_g(Jan/Dec 1975/1976), v. 27/28 p. 22-26
_wBR7500498
909 _a202311
_bLúcia
_c55
_dLúcia Elande
942 _2AGRIS
_n0
_cANA
999 _c94226
_d94226